000 00944nam a22002417a 4500
999 _c64482
_d64482
005 20240530110734.0
008 180213s2007 ua a g 000 0 ara d
017 _bمصر. دار الكتب
_a2006/15935
020 _a9773131521
040 _aEG-CaGPL
_cEG-CaGPL
082 0 4 _221
_a191\
_bز ف
100 1 _aزونتجن ، ينس
245 1 0 _aفكر بنفسك :
_bعشرون تطبيقا للفلسفة /
_cينس زونتجن ؛ رسوم ناديا بودا ؛ ترجمة عبدالسلام حيدر
250 _aط. 1
260 _aالقاهرة :
_bمركز المحروسة للنشر والخدمات الصحفية والمعلومات،
_c2006 .
300 _a281 ص. ؛
_c24 سم.
650 0 7 _2qrmak
_aالفلسفة الحديثة
650 0 7 _aالفلسفة
_2qrmak
651 0 7 _2qrmak
700 0 _aعبدالسلام حيدر
_eمترجم
942 _2ddc
_cBK